Introduction to Radar Systems (Record no. 12162)
[ view plain ]
| 000 -LEADER | |
|---|---|
| fixed length control field | 00346nam a22001337a 4500 |
| 082 ## - DEWEY DECIMAL CLASSIFICATION NUMBER | |
| Classification number | 621.3848 SKO |
| 100 ## - MAIN ENTRY--PERSONAL NAME | |
| Personal name | Merrill I. Skolnik |
| 245 ## - TITLE STATEMENT | |
| Title | Introduction to Radar Systems |
| 260 ## - PUBLICATION, DISTRIBUTION, ETC. | |
| Place of publication, distribution, etc. | New York |
| Name of publisher, distributor, etc. | McGraw-Hill, |
| Date of publication, distribution, etc. | 1962 |
| 300 ## - PHYSICAL DESCRIPTION | |
| Extent | 648 p. |
| Other physical details | ill. : |
| Accompanying material | 25 cm. |
| 500 ## - GENERAL NOTE | |
| General note | Includes bibliography. |
| 650 ## - SUBJECT ADDED ENTRY--TOPICAL TERM | |
| Topical term or geographic name entry element | Radar Systems |
| 942 ## - ADDED ENTRY ELEMENTS (KOHA) | |
| Koha item type | Book |
| Withdrawn status | Lost status | Damaged status | Not for loan | Collection code | Permanent Location | Current Location | Shelving location | Date acquired | Source of acquisition | Cost, normal purchase price | Total Checkouts | Total Renewals | Full call number | Barcode | Date last seen | Date last checked out | Price effective from | Koha item type |
|---|---|---|---|---|---|---|---|---|---|---|---|---|---|---|---|---|---|---|
| Central Library (CL) | Central Library (CL) | General Stacks | 06/27/2013 | Donation | 0.00 | 1 | 3 | 621.3848 SKO | SEECSD00915 | 01/16/2023 | 09/06/2019 | 08/02/2013 | Book |
